|
|
|
|
| LEADER |
00000nam0a2200000 4500 |
| 001 |
129850 |
| 005 |
20231031133727.0 |
| 010 |
|
|
|a 9785866562077
|
| 035 |
|
|
|a (RuTPU)RU\TPU\book\140581
|
| 090 |
|
|
|a 129850
|
| 100 |
|
|
|a 20080129d2007 km y0rusy50 ca
|
| 101 |
0 |
|
|a rus
|
| 102 |
|
|
|a RU
|
| 105 |
|
|
|a a gj 001zy
|
| 200 |
1 |
|
|a Теплофизические свойства материалов ядерной техники
|e учебно-справочное пособие
|f под ред. П. Л. Кириллова
|
| 205 |
|
|
|a 2-е изд., испр. и доп.
|
| 210 |
|
|
|a Москва
|c ИздАт
|d 2007
|
| 215 |
|
|
|a 200 с.
|c ил.
|
| 320 |
|
|
|a Библиография в конце разделов.
|
| 330 |
|
|
|a Приведены данные для общих инженерных оценок по теплофизическим свойствам основных материалов ядерной энергетики: ядерным топливам (металлические и керамические), теплоносителям (газы, вода, D20, жидкие металлы), замедлителям, поглотителям, конструкционным материалам. Даны расчетные корреляции и уравнения для определения свойств материалов, включая термодинамические свойства (плотность, энтальпия, удельная теплоемкость, температуры плавления и кипения, теплота плавления и испарения, давление паров, тепловое расширение, поверхностное натяжение), транспортные свойства (тепло- и температуропроводность, вязкость, интегральная теплопроводность, электропроводность) и излучательная способность. Представлены таблицы свойств материалов в твердом и жидком состояниях в зависимости от температуры. Даны значения критических параметров ряда топлив (U, Pu, Th, U02, UC), воды и жидких металлов. Во втором издании добавлены данные по теплофизическим свойствам паров некоторых металлов. Кроме того, учтены и, соответственно, исправлены ряд опечаток, обнаруженных в первом издании. Пособие предназначено в помощь студентам-энергетикам при выполнении курсовых работ, дипломных проектов и решении учебных задач различных инженерных курсов по атомной энергетике. Настоящее издание не является нормативным документом и носит справочный характер.
|
| 453 |
|
1 |
|0 (RuTPU)RU\TPU\book\186449
|y 978-5-86656-207-7
|t Thermophysical Properties of Materials for Nuclear Engiineering
|e 2nd ed.
|c М.
|n Izdat
|d 2007
|p 192 p.
|
| 453 |
|
|
|t Теплофизические свойства материалов ядерной техники
|f под ред. P. L. Kirillova
|
| 610 |
1 |
|
|a ядерная техника
|
| 610 |
1 |
|
|a материалы
|
| 610 |
1 |
|
|a теплофизические свойства
|
| 610 |
1 |
|
|a ядерное топливо
|
| 610 |
1 |
|
|a металлическое топливо
|
| 610 |
1 |
|
|a уран
|
| 610 |
1 |
|
|a плутоний
|
| 610 |
1 |
|
|a торий
|
| 610 |
1 |
|
|a керамическое топливо
|
| 610 |
1 |
|
|a диоксид урана
|
| 610 |
1 |
|
|a диоксид плутония
|
| 610 |
1 |
|
|a смешанное топливо
|
| 610 |
1 |
|
|a нитрид урана
|
| 610 |
1 |
|
|a карбид урана
|
| 610 |
1 |
|
|a теплоносители
|
| 610 |
1 |
|
|a газы
|
| 610 |
1 |
|
|a вода
|
| 610 |
1 |
|
|a тяжелая вода
|
| 610 |
1 |
|
|a жидкие металлы
|
| 610 |
1 |
|
|a замедлители
|
| 610 |
1 |
|
|a свойства
|
| 610 |
1 |
|
|a графит
|
| 610 |
1 |
|
|a бериллий
|
| 610 |
1 |
|
|a оксид бериллия
|
| 610 |
1 |
|
|a поглощающие материалы
|
| 610 |
1 |
|
|a конструкционные материалы
|
| 610 |
1 |
|
|a металлы
|
| 610 |
1 |
|
|a стали
|
| 610 |
1 |
|
|a сплавы
|
| 610 |
1 |
|
|a тугоплавкие металлы
|
| 675 |
|
|
|a 621.039.53/.54
|v 3
|
| 702 |
|
1 |
|a Кириллов
|b П. Л.
|4 340
|
| 801 |
|
1 |
|a RU
|b 63413507
|c 20080129
|g PSBO
|
| 801 |
|
2 |
|a RU
|b 63413507
|c 20150609
|g PSBO
|
| 942 |
|
|
|c BK
|
| 959 |
|
|
|a 79/20090629
|d 18
|e 0
|f УФ:18
|